| 000 | 00630nam a22002417a 4500 | ||
|---|---|---|---|
| 003 | OSt | ||
| 005 | 20140310183003.0 | ||
| 008 | 130209t xxu||||| |||| 00| 0 eng d | ||
| 020 | _a9715131727 | ||
| 050 |
_aRT 42 _b.C753 2003 |
||
| 245 |
_aCompetencies essential for nursing care : _c by Educational Publishing House _bskill guide part II / |
||
| 260 |
_aManila : _b The Publishers, _c2003. |
||
| 300 |
_a185 p. : _c27 cm. |
||
| 521 | _aNUR | ||
| 562 | _e4 | ||
| 650 | _a1. Nurses and nursing. | ||
| 942 |
_2lcc _cBK _kLOC |
||
| 999 |
_c18142 _d18142 |
||